Gaming Quiz

Random Gaming Quiz

Skyrim Ores Quiz Stats

 Plays Quiz not verified by Sporcle

Score 0/9 Timer 01:00
0 Plays Today
% Correct
Iron
98.7%
Gold
84.1%
Ebony
84.1%
Silver
79.9%
Moonstone
64.5%
Malachite
58.3%
Corundum
51%
Quicksilver
41.7%
Orichalcum
29.1%

You're not logged in!

Compare scores with friends on all Sporcle quizzes.
OR
Log In

You Might Also Like...

Show Comments

Extras

Created Dec 15, 2011ReportNominate
Tags:elder, Elder Scrolls, ore, scroll, Skyrim

Top Quizzes Today


Score Distribution

Your Account Isn't Verified!

In order to create a playlist on Sporcle, you need to verify the email address you used during registration. Go to your Sporcle Settings to finish the process.

Report this User

Report this user for behavior that violates our Community Guidelines.

Details: